[Event "Dortmund SuperGM 38th"]
[Site "Dortmund"]
[Date "2010.07.15"]
[Round "1"]
[White "Kramnik, Vladimir"]
[Black "Le, Quang Liem"]
[Result "1/2-1/2"]
[WhiteElo "2790"]
[BlackElo "2681"]
[Annotator "Marin,M"]
[PlyCount "128"]
[EventDate "2010.07.15"]
[EventType "tourn"]
[EventRounds "10"]
[EventCountry "GER"]
[EventCategory "20"]
[SourceTitle "CBM 138"]
[Source "ChessBase"]
[SourceDate "2010.09.17"]
[SourceVersion "1"]
[SourceVersionDate "2010.09.17"]
[SourceQuality "1"]

1. Nf3 Nf6 2. c4 c6 3. Nc3 d5 4. d4 dxc4 5. a4 Bf5 6. e3 e6 7. Bxc4 Bb4 8. O-O
O-O 9. Nh4 ({Kramnik has enough experience with Black against} 9. Qe2 {,
acquired with the occasion of his matches against Anand and Topalov. His
decision to choose a different plan with White looks justified psychologically.
}) 9... Nbd7 {For the time being, Black ignores the threat of Nxf5 and keeps
developing.} 10. h3 {An useful move, not only avoiding any kind of back rank
problems, but also threatening to take over the initiative on the kingside if
Black keeps his bisop on f5.} ({It remains an open question whether after} 10.
Nxf5 exf5 {Black can hold the blockade on light squares, relying on his slight
advance in dveelopment.}) 10... Bg6 ({In case of a neutral move such as} 10...
a5 {White can consider} 11. Nxf5 exf5 12. Qf3 g6 13. g4 $36) 11. Nxg6 hxg6 12.
Qc2 Qe7 (12... a5 13. Rd1 Qe7 {is another possible move order.}) 13. Rd1 (13.
a5 $5 {Chabanon,J (2425)-Thorsteins,K (2480)/Reykjavik 1993/CBM 035 (0-1, 41)})
13... a5 {Blocking the a-pawn is the best way of reducing the influence of the
white light-squared bishop.} (13... Rfd8 14. a5 c5 15. Be2 $5 $14 {Lobron,E 
(2620)-Lautier,J (2645)/Dortmund 1993/CBM 035/[Konikowski] (1/2, 30)}) 14. e4 (
{Apart from this ambitious move, the more flexible} 14. b3 {deserves
mentioning.} Rfd8 15. Bb2 Nd5 16. Na2 Bd6 17. e4 {The white centre has been
put into motion with delay and, as we will see, with a pawn sacrifice, but
this does not make the whole operation less effective.} Nf4 18. g3 Nxh3+ 19.
Kg2 Ng5 20. f4 Nh7 21. Rh1 $44 {Sturua,Z (2595)-Tukmakov,V (2610)/Biel 1998/
EXT 99 (1/2, 31)}) 14... e5 15. d5 ({White's rooks are not well placed for
maintaining the tension in the centre:} 15. Be3 exd4 16. Bxd4 {With the
a1-rook on e1, White would have a promissing position, but the way it is Black
is in time organizing a reliable defence.} Rad8 ({True, it is better not to
try taking advantage of the lack of defence of the e4-pawn:} 16... Bxc3 17.
bxc3 Qxe4 18. Bd3 Qe7 19. Rab1 $36 {White's bishop's pair and his overall
activity at least compensate for the missing pawn.}) 17. Rd2 {Aiming to
improve the rooks' coordination with either Rad1 or Re1.} Ne5 (17... Bc5 $5 {
is another form of starting the fight for the dark squares.}) 18. Be2 g5 $132 {
With a stable position for Black.}) 15... Rac8 $146 {A logical novelty,
bringing another piece into play.} (15... Nb6 16. Bb3 cxd5 17. exd5 Nc8 {
If allowed to block the pawn with ...Nd6, Black would have a nice position,
but White can avoid that.} 18. d6 $1 {A thematic temporary sacrifice, clearing
the a2-g8 diagonal and the d5-square.} Nxd6 19. Qxg6 Kh8 {Lautier,J (2645)
-Hauchard,A (2480)/France 1998/CBM 064 ext (1/2, 30)} 20. Nd5 $1 Nxd5 21. Qh5+
Kg8 22. Rxd5 Rae8 23. Be3 $16 {White has an active position and the bishops'
pair, while the black king is vulnerable.}) 16. Bg5 Nb6 17. Bf1 {A
questionable decision.} ({It would have made more sense to keep the bishop on
the active diagonal:} 17. Bb3 cxd5 18. exd5 $14 {The position is somewhat
similar to that from the aforementioned game Lautier-Hauchard.} Qd6 ({Again,
the attempt to block the d-pawn fails tactically:} 18... Nc4 $6 19. d6 $1 Nxd6
20. Nd5 Qd8 21. Bxf6 gxf6 22. Ne7+ Qxe7 {This loses outright, but otherwise
White grabs the exchange on c8.} 23. Qxg6+ Kh8 24. Qh6+ Kg8 25. Rd3 $18) 19.
Qd3 Bxc3 20. bxc3 Nbd7 21. Qf3 $14 {Black cannot be entirely satisfied of his
blockade, because White can set up pressure along the weakened b-file (the
drawbacks of the move ...a5).}) 17... cxd5 18. exd5 Nc4 {This move is entirely
playable now that the a2-g8 diagonal is not under pressure anymore.} (18...
Rfd8 $5) 19. Bxc4 ({After} 19. d6 Nxd6 {White has no tricks to justify the
sacrifice.}) 19... Rxc4 20. Qb3 Rfc8 21. Nb5 Qd7 22. d6 Bc5 $132 {White has
managed to advance his pawn, but Black is quite active and enjoys sufficient
stability.} 23. Be3 Rb4 24. Qd3 Rxb2 25. Rac1 b6 26. Bxc5 bxc5 27. Qe3 Rb4 28.
Rxc5 Rxc5 29. Qxc5 Rxa4 30. Qxe5 Rc4 31. Nc3 a4 32. Nd5 Nxd5 33. Qxd5 {
Although the position looks more pleasant for White, it should lead to a draw
in case of accurate play from Black. The main tendency is that the passed
pawns get exchanged, with dull equality.} Rc8 34. Qa5 Rc4 35. Qa6 Rb4 36. Kh2
Kh7 37. Qa8 Rf4 38. Rd2 Rf6 39. Qa6 g5 40. Kg1 g6 41. Rd4 Re6 42. Qd3 Kg8 43.
Rd5 Kh7 44. Qg3 Kg8 45. Rd1 Rf6 46. Qe5 Re6 47. Qc5 Kh7 48. Rd4 Rf6 49. h4 gxh4
50. Rxh4+ Kg7 51. Rd4 Re6 52. Qc3 f6 53. Qb4 g5 54. Rd1 Kg6 55. Qb1+ Kg7 56.
Qd3 Re8 57. Rb1 Ra8 58. Ra1 Rd8 59. Rd1 Qe6 60. Qa6 Rd7 61. Qa5 Kg6 62. Qb4 Kg7
63. Qxa4 Rxd6 64. Rxd6 Qxd6 1/2-1/2

[Event "World Women-ch k.o."]
[Site "Sochi"]
[Date "2015.03.23"]
[Round "3.1"]
[White "Cramling, Pia"]
[Black "Gunina, Valentina"]
[Result "1-0"]
[WhiteElo "2495"]
[BlackElo "2528"]
[Annotator "Mikhalchishin,A"]
[PlyCount "77"]
[EventDate "2015.03.17"]
[EventType "k.o."]
[EventRounds "6"]
[EventCountry "RUS"]
[SourceTitle "CBM 166"]
[Source "ChessBase"]
[SourceDate "2015.05.11"]
[SourceVersion "1"]
[SourceVersionDate "2015.05.11"]
[SourceQuality "1"]

1. Nf3 d5 2. d4 Nf6 3. c4 c6 4. Nc3 dxc4 5. a4 Bf5 6. e3 e6 7. Bxc4 Bb4 8. O-O
O-O 9. Nh4 Nbd7 {The classical line of the Slav Defence which was popular some
30 years ago!} 10. h3 a5 ({The bishop retreat now does not promise real
equality for Black:} 10... Bg6 11. Nxg6 hxg6 12. Qc2 Rc8 13. Rd1 Qa5 14. Na2
Bd6 15. Bd2 Qc7 16. b4 Rfe8 17. Rab1 Re7 18. Nc3 Qb8 19. a5 Nf8 20. Qb3 b5 21.
axb6 Qxb6 22. Na4 Qc7 23. Nc5 g5 24. Be2 Ng6 25. Be1 e5 26. dxe5 Bxe5 27. Rbc1
{with a clear advantage in Portisch,L (2630)-Hjartarson,J (2610)/Tilburg 1988.}
) 11. Nxf5 exf5 12. Qf3 Nb6 (12... g6 {was even worse:} 13. g4 fxg4 14. hxg4 h5
15. gxh5 Nxh5 16. e4 Qh4 17. Kg2 Qf6 18. Qg4 (18. Be3 $142) 18... Qxd4 19.
Qxg6+ Qg7 20. Qxg7+ Nxg7 {Morozevich,A (2770)-Chadaev,N (2580)/Astana 2012.
and the bishop pair will decide the endgame}) 13. Bb3 g6 (13... Qd7 {is no
better:} 14. Bc2 g6 15. g4 $16) 14. g4 fxg4 15. hxg4 Qe7 $6 ({Another serious
option was tried many years ago in a top game} 15... h5 16. gxh5 Nxh5 17. Rd1
$6 (17. e4 $1 Qxd4 18. Bh6 Ng7 19. Rad1 Qe5 20. Qe3 $44) 17... Kg7 18. Ne4 (18.
e4 f5 $1 19. e5 Qh4 $132) 18... Qe7 19. Bd2 (19. Ng3 Rh8 $15) 19... Bxd2 20.
Rxd2 Rae8 21. Nc5 Nf6 (21... Rh8 22. Kf1 $1 {/\ Ke2, Rg1+/=}) 22. Kf1 (22. Kg2
$5 {/\ Rh1}) 22... Nbd5 $15 {Vaganian,R (2595)-Beliavsky,A (2630)/Reggio
Emilia 1987}) ({or} 15... Be7 16. Kg2 Qd7 17. g5 $16) 16. e4 {Now Black faces
serious problems.} Bxc3 ({White would get a very strong attack after} 16...
Nfd7 17. Bh6 Rfe8 18. e5 c5 19. Rae1 cxd4 20. e6) 17. bxc3 Nxe4 ({The
following sacrifice is not correct:} 17... Qxe4 18. Qxf6 Qxg4+ 19. Kh2 Nd5 20.
Bxd5 cxd5 21. f3 $18) 18. Re1 Rae8 (18... Rfe8 {loses immediately:} 19. Rxe4
Qxe4 20. Qxf7+ Kh8 21. Qf6#) 19. Bh6 Nd5 20. c4 Ndc3 21. c5 Nd5 ({In the
endgame White will win slowly:} 21... Qf6 22. Qxf6 Nxf6 23. Bxf8 Kxf8 24. Rxe8+
Kxe8 25. Re1+ Kf8 26. g5 Nfd5 27. Kg2 $18) 22. Bxf8 Kxf8 23. Bxd5 ({Nobody
needs wild complications in such situations:} 23. Qh1 h5 24. Bxd5 cxd5 25. f3
Qf6 26. fxe4 Qxd4+ 27. Kf1 Qf6+) 23... cxd5 24. Qf4 Qh4 25. Kg2 h5 26. Rh1 $1
Qd8 ({White would have a very easy job in the endgame} 26... Qxg4+ 27. Qxg4
hxg4 28. Rh8+ Ke7 29. Rxe8+ Kxe8 30. Rb1 Nc3 31. Rxb7 Nxa4 32. c6 $18) 27. Rab1
(27. gxh5 {makes no difference:} g5 28. Qf3 Kg8 29. h6) 27... Qd7 28. Rb6 Kg8
29. Rhb1 ({There were more problems winning after} 29. gxh5 g5 30. Qf3 Nd2 31.
Qh3 g4) 29... Qxa4 ({Now does not have sense} 29... g5 {makes no sense now:}
30. Qf5) 30. Rxb7 Rf8 31. Qe5 Qc2 32. R7b2 Qd3 33. Rb8 {The simplest way is to
exchange!} f6 34. Qxd5+ Kg7 35. R1b7+ Kh6 36. Rxf8 f5 37. gxf5 Ng3 38. Rh7+ Kg5
39. fxg6+ 1-0

[Event "World Women-ch k.o."]
[Site "Antakya"]
[Date "2010.12.18"]
[Round "5.4"]
[White "Zhao, Xue"]
[Black "Ruan, Lufei"]
[Result "0-1"]
[WhiteElo "2474"]
[BlackElo "2480"]
[Annotator "Mikhalchishin,A"]
[PlyCount "140"]
[EventDate "2010.12.04"]
[EventType "k.o."]
[EventRounds "6"]
[EventCountry "TUR"]
[SourceTitle "CBM 140"]
[Source "ChessBase"]
[SourceDate "2011.01.18"]
[SourceVersion "1"]
[SourceVersionDate "2011.01.18"]
[SourceQuality "1"]

1. d4 d5 2. c4 c6 3. Nc3 Nf6 4. Nf3 dxc4 5. a4 Bf5 6. Nh4 e6 (6... Bd7 {
is a more logical move, but Black decided to give up her bishop. This type of
position, when the bishop is exchanged for a knight, was favoured by the great
Rubinstein. The main idea of Black is the possibility to control open files in
the centre.} 7. e4 b5 8. axb5 cxb5 9. e5 Nd5 10. Bg5 h6 11. Bd2 e6 12. Qg4 g6
13. Be2 Be7 14. Nf3 Nxc3 15. bxc3 Bc6 16. O-O Bd5 17. Rfb1 a6 {Cmilyte,V (2513)
-Peralta,F (2572)/Khanty-Mansiysk RUS 2010} {and here it was necessary to
protect the b3-square:} 18. Be3 Nc6 19. Nd2 {with the idea to exchange off the
white-squared bishops.}) 7. Nxf5 exf5 8. e3 Bb4 (8... Bd6 9. Bxc4 O-O (9... Qe7
$5 {/\ Nbd7, Ne4 van Wely,L}) 10. h3 (10. Qf3 $1 Qd7 $8 11. h3 c5 $8 12. O-O $6
(12. dxc5 $5 Bxc5 13. O-O Nc6 14. Rd1 Ne5 15. Qf4 Qe7 16. Nd5 Nxd5 17. Bxd5 g6
18. Bd2 Bd6 19. Qh6) 12... cxd4 13. exd4 Nc6 14. Rd1 Rfe8 15. Bf4 Rad8 16. Bb5
Bxf4 17. Qxf4 a6 18. d5 axb5 19. dxc6 Qxc6 20. axb5 Qc5 21. Rxd8 Rxd8 $11 {
van Wely,L -Chernin,A ,Taastrup 1992}) 10... Re8 11. Qc2 g6 12. Bd2 Nbd7 13. a5
Rc8 14. O-O Bb8 15. Qb3 Re7 16. Rfc1 Nf8 17. Ne2 Ne4 18. Bb4 Rd7 19. f3 Nd6 20.
Bxd6 Bxd6 21. e4 Bc7 22. d5 Bxa5 23. dxc6 Rxc6 24. exf5 Bd2 25. Rcb1 a6 {
and slowly Black started to take the initiative, Rahman,Z -Beliavsky,A ,Bled
2002}) 9. Bxc4 O-O 10. O-O (10. Qf3 $2 Qa5 11. Bd2 Ne4 12. Nxe4 fxe4 13. Qd1 (
13. Qe2 Nd7 14. Ba2 Kh8) 13... c5 $1 14. Bd5 cxd4 15. Bxb4 (15. Bxb7 dxe3 16.
fxe3 Rd8 17. Bxb4 Qxb4+ 18. Kf1 Rxd1+ 19. Rxd1 Nd7 20. Bxa8 Qxa4 $17) 15...
Qxb4+ 16. Qd2 Na6 17. Bxe4 Rae8 $1 (17... dxe3 18. Qxb4 Nxb4 19. Ke2 $1 $17)
18. Bf3 (18. f3 f5) 18... dxe3 19. Qxb4 Nxb4 20. Rd1 $1 b6 21. Ke2 exf2+ 22.
Kxf2 Rd8 {Azmaiparashvili,Z -Bareev,E Pula 1997. Black keeps the extra pawn.})
(10. Bd2 Nbd7 11. h3 $5 f4 (11... Qe7 $5 12. O-O (12. Qf3 g6 13. g4 c5 14. O-O
(14. Kf1 $6 Ne4 15. Be1 Nb6 16. Bb3 Ng5) 14... Nb6 15. Bb3 Ne4 16. Be1 Ng5 17.
Qg2 cxd4 18. exd4 fxg4 19. hxg4 $13)) 12. O-O fxe3 13. fxe3 (13. Bxe3 Nb6 14.
Bb3 Nbd5) 13... c5 14. Be1 Rc8 $5 (14... Qe7 15. Qf3 Rae8 $140 $6 16. Qxb7 Bxc3
17. Bxc3 Qxe3+ 18. Kh1) 15. Bb3 (15. Ba2 $5 Qe7 $140 16. Qf3) 15... Qe7 16. Qf3
$2 (16. Rf3 $14) 16... Rce8 17. Bf2 (17. Qxb7 $2 Bxc3 18. Bxc3 Qxe3+ 19. Kh2
Rb8) 17... Bxc3 18. bxc3 Ne4 19. Be1 Ndf6 $5 $13 {and the black knights
successfully fight against the bishop pair, Tregubov,P -Kasimdzhanov,R, New
Delhi 2000}) 10... Nbd7 11. Qc2 ({Much sharper would be a plan of attack on
the kingside.} 11. h3 g6 $5 12. g4 $5 (12. Bd2) 12... fxg4 13. hxg4 h5 14. g5
Nh7 (14... Nd5 $5) 15. f4 Kg7 16. Ne4 {with an unclear game, but} (16. e4 {
was better:} f6 17. gxf6+ Ndxf6 18. Qd3 Ng4 $13)) 11... g6 12. f3 Nb6 (12...
Rc8 13. Kh1 c5 14. Ba2 Nb6 15. Qf2 (15. d5 $6 c4 16. e4 fxe4 17. fxe4 Ng4 $1
$15) (15. dxc5 $5 Rxc5 16. e4) 15... f4 $1 (15... a5) (15... cxd4) 16. a5 $1
Bxa5 17. dxc5 (17. Bxf7+ $4 Rxf7 18. Rxa5 fxe3 19. Bxe3 Ng4 $19) 17... Nbd7 $1
{[>< d3]} (17... Rxc5 18. exf4 $16) 18. exf4 (18. Rd1 $142) 18... Nxc5 {
happened in Halkias,S -Solak,D ,Calvia (ol) 2004, and, after the best move} 19.
Rd1 {there was a very unclear position.}) 13. Bb3 Rc8 $2 (13... a5 {was
obligatory, stopping the opponent's a4-pawn.}) 14. a5 Nbd7 15. e4 (15. a6 {
was logical, as such moves destroy the opponent's structure.}) 15... c5 16.
dxc5 fxe4 ({There was the possible exchange sacrifice} 16... Bxc5+ 17. Kh1 fxe4
18. Bh6 e3 19. Bxf8 Qxf8) 17. fxe4 (17. Nxe4 {was nothing special:} Bxc5+ 18.
Nxc5 Rxc5 19. Qd2 Re8) 17... Bxc5+ (17... Qe7 18. Bh6 Rfe8 19. a6 Qxc5+ 20. Kh1
{would just create problems.}) 18. Kh1 Ng4 19. Bf4 Qh4 (19... g5 {was very
weakening:} 20. Bc1) 20. Bg3 Qh5 $6 (20... Qg5 21. Bd5 b6 {was slightly better,
holding the position.}) 21. Qe2 Ngf6 22. Rf3 $2 {A slightly strange move -
leaving the queen the target of a pin.} ({After the correct} 22. Rad1 Qxe2 23.
Nxe2 {the black knights are attacked by the white rooks and this would create
the possibility for different combinations.}) 22... Bd4 23. Raf1 $2 ({The
correct move was} 23. Qd1 {with better chances.}) 23... Nc5 {Now Zhao Xue
decides to make the position as sharp as it can be.} 24. Nd5 ({After} 24. Bc2
Rfe8 {Black attacks the weak white pawn on e4.}) 24... Nfxe4 25. Ne7+ Kh8 26.
Be1 $6 (26. Bf4 {would be better, but Black would keep a clear advantage.})
26... Rce8 27. Qc4 Nxb3 (27... Qe5 {was more precise.}) 28. Rxb3 Qc5 $1 {
With the exchange of queens, Black forces the game into a much better ending.}
29. Qxc5 Nxc5 30. Rb4 Bg7 ({Even stronger was} 30... Bxb2 31. Rxb2 Rxe7) 31.
Bf2 Nd3 32. Rxb7 Bf6 $1 {Now Black wins a piece, but she has to tackle
technical difficulties.} 33. Bxa7 Rxe7 34. a6 Rxb7 ({It would not be so easy
after winning a rook for two pieces with} 34... Ra8 35. Bd4 $1 Bxd4 36. Rxe7
Nf2+ 37. Kg1 Ng4+ 38. Kh1 Rxa6 39. Rexf7 Bxb2 40. h3) 35. axb7 Be5 36. Rd1 Nb4
({After} 36... Nxb2 37. Rc1 Kg7 38. Rc8 f6 39. Rxf8 Kxf8 40. Bd4 {White wins
the piece back.}) 37. Rc1 Na6 38. Rc8 Kg7 39. b4 (39. Be3 $1 {was much
stronger with the threat Bh6+.}) 39... f6 40. g3 ({More precise, but still not
sufficient was} 40. b5) 40... Kf7 ({After} 40... Nxb4 41. Bc5 Rf7 42. b8=Q Bxb8
43. Rxb8 Nd3 44. Bd6 {the endgame with an extra pawn is not easy to win.}) 41.
Kg2 Re8 42. b5 ({It was much stronger to prevent the transfer of the black
king.} 42. Bc5) 42... Nb8 43. Kf3 Ke7 44. h3 {Now the white rook has to leave
its strong position on c8 and Black slowly starts to improve her position.
Black just needs some time to win.} Kd7 45. Rc2 Bd6 46. g4 h6 47. Rc1 Be5 48.
Rc2 h5 49. gxh5 gxh5 50. Rc1 Bc7 51. Rc2 Bd6 52. Rc1 Ke7 (52... Rg8 {was much
faster.}) 53. Rc2 Nd7 $6 54. Rc8 Bb8 $2 (54... Kf7 {would be much better.}) 55.
Be3 $2 ({Suddenly after} 55. Bxb8 Nxb8 56. Kg3 {the black pawns on the
kingside are in terrible danger - White would get better chances!}) 55... Ne5+
56. Ke2 ({It was necessary to be more active:} 56. Ke4 Kd7 57. Rxe8 Kxe8 58.
Kf5 Kf7 59. Bf4 Nd7 60. Be3) 56... Kd7 57. Rc2 Rg8 {Now Black has finally
found the best file for her rook - the realisation of the advantage becomes
easier.} 58. Kf2 Nf7 59. Rd2+ ({Or} 59. Kf3 Nd6) 59... Nd6 60. Bf4 Ke7 61. Re2+
Kf7 62. Rc2 (62. Bxd6 {did not help:} Bxd6 63. Ke3 Rb8 64. Ke4 Ke6 65. Kd4+ Kd7
) 62... Nxb7 63. Be3 Nd6 64. b6 Rc8 65. Ra2 Nc4 66. Rc2 Nxb6 67. Rb2 Nc4 68.
Rb7+ Kg6 69. Bd4 Be5 70. Ba7 Rc7 0-1

[Event "BLR-ch"]
[Site "Minsk"]
[Date "1996.??.??"]
[Round "1"]
[White "Tihonov, Jurij"]
[Black "Korneevets, Alexander"]
[Result "1-0"]
[WhiteElo "2365"]
[BlackElo "2325"]
[Annotator "Mochalov,E"]
[PlyCount "84"]
[EventDate "1996.??.??"]
[EventType "tourn"]
[EventRounds "11"]
[EventCountry "BLR"]
[EventCategory "7"]
[SourceTitle "CBM 053 Extra"]
[Source "ChessBase"]
[SourceDate "1996.09.01"]
[SourceVersion "1"]
[SourceVersionDate "1996.09.01"]
[SourceQuality "1"]

1. d4 d5 2. c4 c6 3. Nf3 Nf6 4. Nc3 dxc4 5. a4 Bf5 6. e3 e6 7. Bxc4 Bb4 8. O-O
Nbd7 9. Qe2 Bg6 10. e4 Bxc3 11. bxc3 Nxe4 12. Ba3 Qc7 13. Rfe1 O-O-O (13...
Nxc3 $5) 14. Qb2 Rhe8 15. a5 e5 16. Bf1 a6 $6 (16... Kb8 $5 17. Rab1 Ka8) 17.
Rab1 exd4 18. cxd4 Ndf6 19. Ne5 Nd5 20. Rbc1 Re6 21. f3 Nef6 22. Rc5 Ne7 (22...
Nd7 $2 23. Rxd5 cxd5 24. Rc1 $18) 23. Rec1 Nd7 24. Nc4 $5 Kb8 (24... Nxc5 $5
25. Nb6+ Kb8 26. Bxc5 Nc8 $5 $13) 25. Rg5 Nf6 $6 (25... h6 $5 26. Rg3 Nd5 $13)
26. Nb6 Ned5 27. Bc5 Ne3 28. Bxa6 $1 bxa6 29. d5 $1 $16 Nexd5 (29... cxd5 30.
Bxe3 Qb7 31. Bf4+ Ka7 32. Qd4 $18) 30. Nxd5+ Qb7 31. Nb6 Rde8 32. Qf2 Qc7 33.
Rxg6 $1 Re2 (33... hxg6 34. Rb1 Qd8 (34... Qb7 35. Qg3+ Ka7 36. Na4+ Ka8 37.
Rxb7 Re1+ 38. Qxe1 Rxe1+ 39. Kf2 Ra1 40. Rb4 $18) 35. Qg3+ Ka7 36. Nc8+ Ka8 37.
Qb8#) 34. Qg3 Qxg3 (34... hxg6 35. Bd6 $18) 35. Rxg3 $18 g6 36. Bf2 Ra2 37. Rg5
Ree2 38. Bd4 h6 39. Re5 Rxg2+ 40. Kf1 Rxh2 41. Rxc6 Ng8 42. Rc8+ Kb7 1-0

[Event "Olympiad-31"]
[Site "Moscow"]
[Date "1994.12.08"]
[Round "7.1"]
[White "Annageldyev, Orazly"]
[Black "Akopian, Vladimir Eduardovic"]
[Result "0-1"]
[WhiteElo "2440"]
[BlackElo "2630"]
[Annotator "Moiseev,V"]
[PlyCount "56"]
[EventDate "1994.12.01"]
[EventType "team-swiss"]
[EventRounds "14"]
[EventCountry "RUS"]
[SourceTitle "CBM 045"]
[Source "ChessBase"]
[SourceDate "1995.04.01"]
[SourceVersion "1"]
[SourceVersionDate "1995.04.01"]
[SourceQuality "1"]
[WhiteTeam "Turkmenistan"]
[BlackTeam "Armenia"]
[WhiteTeamCountry "TKM"]
[BlackTeamCountry "ARM"]

1. d4 d5 2. Nf3 Nf6 3. c4 c6 4. Nc3 dxc4 5. a4 Bf5 6. e3 e6 7. Bxc4 Bb4 8. O-O
Nbd7 (8... O-O) 9. Nh4 (9. Qb3 $5) (9. Qe2 $5 Bg6 10. e4 Bxc3 11. bxc3 Nxe4 12.
Ba3 $44) 9... Bg6 (9... Bg4) 10. Qb3 a5 11. g3 (11. Na2) 11... Qb6 12. f4 $6 (
12. Nxg6 $6 hxg6 13. Rd1 O-O-O 14. Bf1 Rh5 $1 15. Na2 $2 Ng4 $40 {Huebner,
R-Hertneck,G/Munchen/1992/1:0/30/Inf 54/367/}) (12. f3 $5 {Huebner}) 12... O-O
13. Nxg6 hxg6 14. Rd1 Rfd8 15. Na2 $2 (15. Bf1 $5) 15... c5 $1 16. Nxb4 axb4
$17 17. Bd2 (17. d5 $2 exd5 18. Bxd5 Nxd5 19. Rxd5 Nf6 $19) 17... cxd4 18. exd4
(18. Qxb4 dxe3 19. Qxb6 $2 Nxb6 $19) 18... Qxd4+ 19. Be3 Qe4 20. Rd4 $2 (20.
Qd3 $142) 20... Nc5 $3 21. Rxd8+ (21. Rxe4 Nxb3 22. Bxb3 Nxe4 $19) 21... Rxd8
22. Bxc5 Rd2 23. Bf1 (23. Bf2 Rxf2 $1 24. Kxf2 Ng4+ 25. Kg1 Qd4+ 26. Kg2 (26.
Kh1 Qf2 $19) 26... Qf2+ 27. Kh3 Qxh2+ 28. Kxg4 Qh5#) 23... Ng4 24. Qxb4 (24. h3
Rh2 $19) (24. Qc4 Rg2+ $1 25. Kh1 Rxh2+ 26. Kg1 Rh1#) 24... Qd5 25. Re1 Rxh2
26. Re4 Qd1 $1 $19 {/\ 27...Rh1} 27. Re2 (27. Qe1 Qf3 $19) 27... Rxe2 (27...
Rh1+ $2 28. Kxh1 Qxf1+ 29. Bg1 Qxe2 30. Qxb7) 28. Qxb7 Nh2 0-1